000 00389nam a2200145 i 4500
001 22268
003 ES-MaACL
005 20230906152648.0
007 t|
008 021202s1926 sp ||||1| spa d
245 0 0 _aAlianza republicana
_b: el 11 de febrero de 1926 : manifiesto.
260 _aMadrid :
_bZoila Ascasibar,
_c1926.
300 _a204 p. ;
_c20 cm.
852 _aES-MaACL
_jF-5320
999 _c22268
_d22268